Les prénoms des ministres des gouvernements Philippe (2017-2020) - Statistiques

Statistiques générales
  • Ce quiz a été pris 83 fois
  • Le résultat moyen est 14 sur 19
Statistiques - réponses
Hint Réponse % Correct
Le Maire Bruno
96%
Borne Elisabeth
96%
Véran Olivier
96%
Darmanin Gérard
95%
Blanquer Jean-Michel
87%
Castaner Christophe
84%
Le Drian Jean-Yves
82%
Riester Franck
75%
Maracineanu Roxana
73%
Belloubet Nicole
71%
Parly Florence
69%
Pénicaud Muriel
67%
Girardin Annick
64%
Vidal Frédérique
64%
Lecornu Sébastien
64%
Fesneau Marc
58%
Denormandie Julien
56%
Gourault Jacqueline
55%
Guillaume Didier
35%
Aucun quiz correspondant
Distribution des résultats
% des personnes avec chaque résultat
Percentile par nombre de réponses
Votre historique - résultats
Vous n’avez pas pris ce quiz